Girl child in India: a bibliographical compendium (Record no. 1709)

MARC details
000 -LEADER
fixed length control field 00546nam a2200169Ia 4500
020 ## - INTERNATIONAL STANDARD BOOK NUMBER
ISBN 81-85004-36-6
082 ## - DEWEY DECIMAL CLASSIFICATION NUMBER
Classification number RR 016.305230954 VYA
100 ## - MAIN ENTRY--AUTHOR NAME
Personal name Vyas, Anju
245 #0 - TITLE STATEMENT
Title Girl child in India: a bibliographical compendium
260 ## - PUBLICATION, DISTRIBUTION, ETC. (IMPRINT)
Place of publication New Delhi
Name of publisher Indian Bibliographies Bureau
Year of publication 1992
300 ## - PHYSICAL DESCRIPTION
Number of Pages xviii, 205p.
504 ## - BIBLIOGRAPHY, ETC. NOTE
Bibliography, etc Includes index /Ref. book
650 ## - SUBJECT ADDED ENTRY--TOPICAL TERM
Topical Term Girls - Bibliography - India
700 ## - ADDED ENTRY--PERSONAL NAME
Personal name Mudgal, Madhu
710 ## - ADDED ENTRY--CORPORATE NAME
Corporate name or jurisdiction name as entry element India. Ministry of Human Resource Development. Department of Women and Child Development
942 ## - ADDED ENTRY ELEMENTS (KOHA)
Koha item type Books
Holdings
Withdrawn status Lost status Damaged status Not for loan Home library Current library Date acquired Bill Date Full call number Accession Number Price effective from Koha item type
        NASSDOC Library NASSDOC Library 08/06/2004 2008-12-30 RR 016.305230954 VYA 33817 18/04/2019 Books